000 00250 a2200097 4500
001 41812
100 _aRhodes H T F
245 _aThe International Year Book & Statesman's Who's Who
260 _aLondon
_bBurke Peerage Lit
_c
090 _c25922
_d25922
942 _aNUST-CAE
_cM
_c17694
999 _c276885
_d276885